Aspectos modernos de la química inorgánica / (Record no. 59213)

MARC details
000 -LEADER
campo de control de longitud fija 00892nam a2200253 i 4500
001 - NÚMERO DE CONTROL
campo de control 59213
003 - IDENTIFICADOR DE NÚMERO DE CONTROL
campo de control ES-MaACL
005 - FECHA Y HORA DE LA ÚLTIMA TRANSACCIÓN
campo de control 20250728232929.0
007 - CAMPO FIJO DE DESCRIPCIÓN FÍSICA--INFORMACIÓN GENERAL
campo de control de longitud fija t|
008 - DATOS DE LONGITUD FIJA--INFORMACIÓN GENERAL
campo de control de longitud fija 031028s1956 sp a |||| | spa d
100 1# - ENTRADA PRINCIPAL--NOMBRE DE PERSONA
Nombre de persona Emeléus, H. J.
9 (RLIN) 47140
245 10 - MENCIÓN DEL TÍTULO
Título Aspectos modernos de la química inorgánica /
Mención de responsabilidad, etc. por H.J. Emeléus y J.G Anderson ; traducción de J. Coronas, C. del Fresno, J.M. Gamboa ; prólogo de Emilio Jimeneno y Vicente Iranzo.
260 ## - PUBLICACIÓN, DISTRIBUCIÓN, ETC.
Lugar de publicación, distribución, etc. Barcelona :
Nombre del editor, distribuidor, etc. Manuel Marín,
Fecha de publicación, distribución, etc. 1956 (
Fabricante Grijelmo)
300 ## - DESCRIPCIÓN FÍSICA
Extensión XV, 488 p. :
Otras características físicas il. ;
Dimensiones 23 cm.
650 07 - PUNTO DE ACCESO ADICIONAL DE MATERIA--TÉRMINO DE MATERIA
Término de materia o nombre geográfico como elemento de entrada Química inorgánica
Fuente del encabezamiento o término embne
9 (RLIN) 16638
700 1# - ENTRADA AGREGADA--NOMBRE PERSONAL
Nombre de persona Anderson, J. G.
9 (RLIN) 21450
700 1# - ENTRADA AGREGADA--NOMBRE PERSONAL
Nombre de persona Coronas, J.
9 (RLIN) 40685
700 1# - ENTRADA AGREGADA--NOMBRE PERSONAL
Nombre de persona Fresno, Carlos del.
9 (RLIN) 52534
700 1# - ENTRADA AGREGADA--NOMBRE PERSONAL
Nombre de persona Gamboa, J. M.
9 (RLIN) 53764
700 1# - ENTRADA AGREGADA--NOMBRE PERSONAL
Nombre de persona Jimeno, Emilio.
9 (RLIN) 66638
700 1# - ENTRADA AGREGADA--NOMBRE PERSONAL
Nombre de persona Iranzo, Vicente.
9 (RLIN) 65415
852 ## - LOCALIZACIÓN
Ubicación ES-MaACL
Número de control de estantería C-10211
Holdings
Estatus retirado Estado de pérdida Estado de daño No para préstamo Biblioteca de origen Biblioteca actual Ubicación en estantería Fecha de adquisición Fuente de adquisición Total de préstamos Signatura topográfica completa Código de barras Visto por última vez Precio de reemplazo Tipo de ítem Koha
        Biblioteca del Ateneo de Madrid Biblioteca del Ateneo de Madrid Sala Palomar 17/01/2008     C-10211 1062113 23/02/2023 23/02/2023 Libro impreso